| 000 | 01503nam0a22002891 4500 | ||
|---|---|---|---|
| 001 | rc\3283903 | ||
| 005 | 20260407143402.0 | ||
| 035 | _a(NLR Aleph) 007399610 | ||
| 090 |
_a6698063 _c6698063 |
||
| 100 | _a20130115d1971 |||y0rusy50 ca | ||
| 101 | 0 | _arus | |
| 102 | _aRU | ||
| 105 | _aa z ||||| | ||
| 200 | 1 |
_aМатериалы итоговой научной конференции ЧГУ за 1969 год _fПод ред. проф. С.Ф. Сайкина и доц. А.Г. Терентьева _gМ-во высш. и средн. спец. образования РСФСР. Чуваш. гос. ун-т им. И.Н. Ульянова |
|
| 210 |
_aЧебоксары _cБ. и. _d1971 |
||
| 215 |
_a64 с. _cчерт. _d21 |
||
| 320 | _aБиблиогр. в конце докладов | ||
| 532 | 1 | 2 | _aМатериалы итоговой научной конференции Чувашского Государственного Университета за 1969 год |
| 702 | 1 |
_aСайкин _bС. Ф. _4340 |
|
| 702 | 1 |
_4340 _7ca _8rus _aТерентьев _bА. Г. _f1936- _gАлексей Григорьевич _9155198 _3RU\NLR\AUTH\770155237 |
|
| 710 | 0 | 2 |
_aЧувашский государственный университет им. И. Н. Ульянова _cЧебоксары _bНаучная конференция _f1969 _3RU\NLR\AUTH\8810086767 _9675224 |
| 801 | 0 |
_aRU _bNLR _gpsbo |
|
| 801 | 1 |
_aRU _bELAR _2rusmarc |
|
| 852 |
_aNLR _jП7/1357 |
||
| 942 | _cBOOK | ||
| 980 | _aNB | ||